000 00238nam a2200097Ia 4500
008 230907s9999||||xx |||||||||||||| ||und||
082 _a621.3104
_bPOW
245 0 _aPower distribution automation /
300 _ax, 339 pages :
942 _cBK
999 _c599210
_d599210